| 000 | 00326 a2200133 4500 | ||
|---|---|---|---|
| 001 | 90133 | ||
| 082 | _a891.4393 AKH | ||
| 090 |
_c42474 _d42474 |
||
| 100 | _aAkhtar Shomaar | ||
| 245 |
_aYe Aghaz e Mohabbat Hai _hUrdu |
||
| 260 |
_aIslamabad _bDost Publications _c1996 |
||
| 300 | _a128p. | ||
| 500 | _aGeneral Collection | ||
| 942 |
_aCAE NUST _k891.4393 AKH |
||
| 999 |
_c325206 _d325206 |
||